Normal view
MARC view
- Zárate, Julio,
Entry Nombre Personal
001 - NUMERO DE CONTROL
- campo de control: 29519
003 - IDENTIFICADOR DE NUMERO DE CONTROL
- campo de control: UPN
005 - FECHA Y HORA DE LA ÜLTIMA TRANSACCIÓN
- campo de control: 20210219194404.0
008 - DATOS DE LONGITUD FIJA
- campo de control de longitud fija: nabaccnnaabn|||||||||| b |nc|||||d
035 ## - NUMERO DE CONTROL
- Número de control: UPN11000001625
040 ## - FUENTE DE CATALOGACIÓN
- Lenguaje de catalogación: SPA
- Agencia de transcripción: UPN
100 1# - ENCABEZAMIENTO - NOMBRE PERSONAL
- Nombre personal: Zárate, Julio,
- Fechas asociadas con el nombre: 1844-1917
670 ## - FUENTE EN LA QUE SE LOCALIZARON DATOS
- Cita de la fuente: Diccionario Porrúa de historia, biografía y geografía de México
- Información localizada: Compendio general de México a través de los siglos
902 ## - CATALOGADOR
- Catalogador: DAA/110608
